000 00292nam a2200121Ia 4500
008 191201s2007 xx 000 0 und d
100 _aSethi
245 0 _aProgramming Language Concepts
260 _aN.Delhi
_bPearson Education
_c2007
300 _a-
650 _aB.Tech(IT)
942 _2ddc
_cBK
999 _c2791
_d2791